Online
Catalog
Normal view MARC view

Entry Nombre personal

Number of records used in: 18

001 - NÚMERO DE CONTROL

  • campo de control: 144

003 - IDENTIFICADOR DEL NÚMERO DE CONTROL

  • campo de control: BNPHU

005 - FECHA Y HORA DE LA ÚLTIMA TRANSACCIÓN

  • campo de control: 20240228103021.0

008 - DATOS DE LONGITUD FIJA

  • campo de control de longitud fija: 200615|| aca||aabn | a|a d

040 ## - FUENTE DE LA CATALOGACIÓN

  • Centro catalogador/agencia de origen: DO-SdBNP
  • Lengua de catalogación: spa
  • Centro/agencia transcriptor: BNPHU
  • Normas de descripción: rda

100 1# - ENCABEZAMIENTO-NOMBRE DE PERSONA

  • Nombre de persona: García Guerra, Iván,
  • Fechas asociadas al nombre: 1938-

370 ## - LUGAR ASOCIADO

  • Lugar de nacimiento: República Dominicana

374 ## - OCUPACIÓN

  • Ocupación: Autor
  • Ocupación: Escritor
  • Ocupación: Actor

375 ## - GÉNERO/SEXO

  • Género/Sexo: Masculino

377 ## - LENGUA/LENGUAJE ASOCIADO

  • Código del idioma: spa

400 1# - TRAZADO DE VÉASE--NOMBRE DE PERSONA

  • Nombre de persona: García, Iván,
  • Fechas asociadas al nombre: 1938-

400 1# - TRAZADO DE VÉASE--NOMBRE DE PERSONA

  • Nombre de persona: Guerra, Iván García,
  • Fechas asociadas al nombre: 1938-

670 ## - FUENTE DE DATOS ENCONTRADOS

  • Cita de la fuente: García Guerra, Iván, 1938-, Antología narrativa /, 2007.

670 ## - FUENTE DE DATOS ENCONTRADOS

  • Cita de la fuente: La guerra no es para nosotros, 1979

Powered by Koha